00609nam a2200229Ia 450000500170000000800460001702000180006303700100008104000080009104000080009904000080010704100080011504100080012308400080013110000190013924500300015826000080018885600610019694200100025799900210026795200910028820260123164127.0008 260114s9999 xx 000 0 eng d a9789354430619 aEBOOK aCRL beng cCRL 2eng aeng qCRL aKevin91106244 0aPortfolio management, 2/e bPHI uhttps://elibrary.phindia.com/ebooks/reader/9789354430619 cEBOOK c1671367d1671367 00104070aCRLbCRLd2026-01-23l0pCL1887214r2026-01-23 16:41:27w2026-01-23yEBOOK